| 000 | 00370nam a2200109Ia 4500 | ||
|---|---|---|---|
| 008 | 171204s9999 xx 000 0 und d | ||
| 245 | _aOrganizational Management: Policies and Practices in a Global Market: | ||
| 245 | _cCarolina Machado and J. Paulo Davim | ||
| 260 | _c2016 | ||
| 650 | _xPRINCIPLES OF MANAGEMENT | ||
| 856 | _uhttp://down.ebook777.com/063/1349692433.pdf | ||
| 999 |
_c345740 _d345740 |
||